000 00421nam a2200181Ia 4500
001 4358
005 20260306145750.0
008 260306t2010||||xx |||||||||||||| ||spa||
041 _aESP
082 _a320.985
_bD243
100 _aDiez Canseco Terry, Raúl
_eAUT
245 0 _aGestión de estado
260 _c2010
300 _a156 páginas :
_c24 cm.
650 _aGEN
654 _aCDE
942 _cLIB
_dJUS
_fJUS
_2ddc
_n
999 _c4358
_d4358